Programmsynthese allgemein-rekursiver Funktionen mit beschränktem Stabilisierungstakt Formalisierungsmöglichkeiten deskriptiver Arbeitsbereiche

Salvato in:
Dettagli Bibliografici
Autore principale: Popova-Zeugmann, Louchka
Altri autori: Schmidt, Kuno
Natura: Libro
Lingua:tedesco
Pubblicazione: Berlin Hochschule für Ökonomie "Bruno Leuschner" 1982
Serie:Forschungsinformation des Organisation und Rechenzentrums HFÖ-ORZ 82. 03
Tags: Aggiungi Tag
Nessun Tag, puoi essere il primo ad aggiungerne!!

MARC

LEADER 00000nam a2200000 4500
001 c136341
005 20041019155306.9
041 0 |a ger 
044 |a DE 
245 1 0 |a Programmsynthese allgemein-rekursiver Funktionen mit beschränktem Stabilisierungstakt  |b Formalisierungsmöglichkeiten deskriptiver Arbeitsbereiche  |c Louchka Popova-Zeugmann, Kuno Schmidt 
264 1 |a Berlin  |b Hochschule für Ökonomie "Bruno Leuschner"  |c 1982 
300 |a 86 s. 
490 1 |a Forschungsinformation des Organisation und Rechenzentrums HFÖ-ORZ 82. 03 
830 0 |a Forschungsinformation des Organisation und Rechenzentrums HFÖ-ORZ 82. 03 
100 1 |a Popova-Zeugmann, Louchka 
700 1 |a Schmidt, Kuno